[Event "Presov-B2"]
[Site "Presov"]
[Date "2004.??.??"]
[Round "5"]
[White "Jurcisin, Imrich"]
[Black "Rybansky, Daniel"]
[Result "0-1"]
[WhiteElo "2149"]
[BlackElo "2249"]
[PlyCount "94"]
[EventDate "2004.??.??"]
[EventType "tourn"]
[EventRounds "9"]
[EventCountry "SVK"]
[SourceTitle "EXT 2007"]
[Source "ChessBase"]
[SourceDate "2006.11.23"]
[SourceVersion "1"]
[SourceVersionDate "2006.11.23"]
[SourceQuality "1"]

1. e4 e5 2. Nf3 Nc6 3. Bb5 a6 4. Ba4 Nf6 5. 0-0 b5 6. Bb3 Be7 7. Re1 d6 8. c3 0-0 9. h3 Re8 10. Ng5 Rf8 11. Nf3 Nb8 12. d4 Nbd7 13. Nbd2 Bb7 14. Bc2 Re8 15. Nf1 Bf8 16. Ng3 g6 17. Qd3 Bg7 18. a4 c6 19. Be3 Qc7 20. Qd2 Nb6 21. Bg5 c5 22. d5 c4 23. Bh6 Bh8 24. Qg5 Nbd7 25. Nh4 Nc5 26. Nhf5 Nfd7 27. Ne7+ Rxe7 28. Nf5 Ree8 29. Re3 Bf6 30. Qg4 Kh8 31. Rg3 Rg8 32. Ne3 Qd8 33. h4 Bc8 34. axb5 Nb6 35. Qf3 Bxh4 36. Qxf7 Qe7 37. Rf3 axb5 38. Rxa8 Nxa8 39. Bf8 Qxf7 40. Rxf7 Nb7 41. Bd1 Nb6 42. Bg4 Nd8 43. Rf3 Bxg4 44. Nxg4 Nc8 45. Nh6 Bg5 46. Nxg8 Kxg8 47. g3 Nf7 0-1

[Event "SVK-chT 0304"]
[Site "Slovakia"]
[Date "2003.11.30"]
[Round "6"]
[White "Matejov, Jaroslav"]
[Black "Rybansky, Daniel"]
[Result "0-1"]
[WhiteElo "2202"]
[BlackElo "2249"]
[PlyCount "96"]
[EventDate "2003.10.25"]
[EventType "team-tourn"]
[EventRounds "11"]
[EventCountry "SVK"]
[SourceTitle "EXT 2019"]
[Source "ChessBase"]
[SourceDate "2018.10.10"]
[SourceVersion "1"]
[SourceVersionDate "2018.10.10"]
[SourceQuality "1"]
[WhiteTeam "Teplice"]
[BlackTeam "Presov Tatran"]
[WhiteTeamCountry "SVK"]
[BlackTeamCountry "SVK"]

1. e4 e5 2. Nf3 Nc6 3. Bb5 a6 4. Ba4 Nf6 5. 0-0 b5 6. Bb3 Be7 7. Re1 d6 8. c3 0-0 9. h3 Bb7 10. d4 Re8 11. Nbd2 Bf8 12. d5 Nb8 13. Nf1 c6 14. dxc6 Bxc6 15. Ng3 h6 16. Qe2 Nbd7 17. Bd2 Qc7 18. Rad1 Nc5 19. Bc2 Qb7 20. Nh4 d5 21. exd5 Bxd5 22. b4 Ncd7 23. a3 Rac8 24. Nh5 Rc4 25. Nxf6+ Nxf6 26. Nf3 Rc7 27. Rc1 Bd6 28. Red1 e4 29. Nd4 Bc4 30. Qe1 Qd5 31. Ne2 Qe6 32. Nd4 Qe5 33. g3 Qh5 34. Kg2 e3 35. Bxe3 Bd5+ 36. f3 Rce7 37. Rd3 Bc4 38. Nc6 Re6 39. g4 Bxd3 40. gxh5 Rxe3 41. Qf2 Nxh5 42. Bxd3 Nf4+ 43. Kh1 Nxd3 44. Qd2 Nxc1 45. Qxd6 g5 46. Nd4 Rd3 47. h4 Rd2 48. Qg3 Nd3 0-1

[Event "SVK-chT 0304"]
[Site "Slovakia"]
[Date "2003.10.25"]
[Round "1"]
[White "Priehoda, Vitezslav"]
[Black "Rybansky, Daniel"]
[Result "1-0"]
[WhiteElo "2372"]
[BlackElo "2249"]
[PlyCount "69"]
[EventDate "2003.10.25"]
[EventType "team-tourn"]
[EventRounds "11"]
[EventCountry "SVK"]
[SourceTitle "EXT 2019"]
[Source "ChessBase"]
[SourceDate "2018.10.10"]
[SourceVersion "1"]
[SourceVersionDate "2018.10.10"]
[SourceQuality "1"]
[WhiteTeam "Bratislava Dunaj"]
[BlackTeam "Presov Tatran"]
[WhiteTeamCountry "SVK"]
[BlackTeamCountry "SVK"]

1. d4 Nf6 2. c4 e6 3. g3 d5 4. Nf3 Be7 5. Bg2 0-0 6. 0-0 dxc4 7. Na3 c5 8. dxc5 Nc6 9. Nxc4 Bxc5 10. a3 a6 11. b4 Ba7 12. Bb2 Qe7 13. Qc2 Rd8 14. Rfd1 h6 15. Rxd8+ Qxd8 16. Rd1 Qe7 17. Nfe5 Nxe5 18. Nxe5 Nd5 19. e4 Nf6 20. Qc3 Bb6 21. Ng4 e5 22. Qxe5 Qxe5 23. Nxe5 Be6 24. h3 Rc8 25. Rd2 Kf8 26. Kh2 Ke7 27. f4 g6 28. f5 gxf5 29. exf5 Bd5 30. Nd7 Nxd7 31. Bxd5 Rc7 32. Re2+ Kf8 33. f6 Nb8 34. Be5 Rd7 35. Be4 1-0

[Event "SVK-chT 0203"]
[Site "Slovakia"]
[Date "2003.??.??"]
[Round "8"]
[White "Bochnickova, Andrea"]
[Black "Rybansky, Daniel"]
[Result "0-1"]
[WhiteElo "2175"]
[BlackElo "2266"]
[PlyCount "78"]
[EventDate "2002.10.??"]
[EventType "team"]
[EventRounds "11"]
[EventCountry "SVK"]
[SourceTitle "EXT 2004"]
[Source "ChessBase"]
[SourceDate "2003.11.25"]
[SourceVersion "1"]
[SourceVersionDate "2003.11.25"]
[SourceQuality "1"]

1. e4 e5 2. Nf3 Nc6 3. d4 exd4 4. Nxd4 Bc5 5. Be3 Qf6 6. c3 Nge7 7. Bc4 Ne5 8. Be2 0-0 9. 0-0 Qg6 10. Nf5 Nxf5 11. exf5 Qc6 12. Bxc5 Qxc5 13. f6 g6 14. Qd2 Re8 15. Na3 d5 16. Rad1 Nd7 17. c4 dxc4 18. Bxc4 Nxf6 19. Qf4 Kg7 20. Rfe1 Bd7 21. h4 Rxe1+ 22. Rxe1 Re8 23. Rc1 Re4 24. Qg5 Re5 25. Qf4 Qd6 26. Qg3 Qe7 27. Nc2 b5 28. Bd3 Nh5 29. Qf3 Qxh4 30. g3 Qf6 31. Nd4 Qd6 32. Ne2 c5 33. Nf4 Nxf4 34. gxf4 Rh5 35. Be4 Qf6 36. Qe3 c4 37. Rd1 Be6 38. Rd6 Qxb2 39. Qxa7 Qc1+ 0-1